| 000 | 00398cam a2200169ua 4500 | ||
|---|---|---|---|
| 020 | _c1.50 | ||
| 041 |
_amal _h |
||
| 082 |
_a894.8122 _bOMC/IT |
||
| 100 | _aOmchery, . | ||
| 245 |
_aIthunammude Nadue / _cOmchery. _hTextual Documents |
||
| 260 |
_a : _bJanatha printing and pub co , _c1959. |
||
| 300 | _a96 ; . | ||
| 365 | _a1.50 | ||
| 504 | _a | ||
| 942 | _cBK | ||
| 999 |
_c11657 _d11657 |
||